| 000 | 00350nam a2200145Ia 4500 | ||
|---|---|---|---|
| 008 | 150301s2015 xx 000 0 und d | ||
| 082 |
_a615.19 _bO12Q |
||
| 100 | _aQADRY, J.S | ||
| 245 | _aORGANIC PHARMACEUTICAL & MEDICAL CHEMISTRY -||| | ||
| 250 | _a4TH | ||
| 260 | _bCBS- DELHI | ||
| 300 | _a354 | ||
| 650 | _aPHARMACEUTICS | ||
| 942 |
_2ddc _cBK _02 |
||
| 999 |
_c7298 _d7298 |
||